000 00458cam a22001217a 4500
008 180718b1984 xxu||||| |||| 00| 0 eng d
082 _aA81x54 In2/81/1/Pap2/1984
100 _aCensus of India 1981
245 _aIndia: general population and population of scheduled castes and scheduled tribes
260 _aDelhi
_bRegistrar General & Census Commissioner for India
_c1984
300 _a136p.
440 _aCensus of India 1981. Series-1, India. Paper-2 of 1984
999 _c481884
_d481884